000 00507nam a2200181 a 4500
001 1772188197988
003 YourLibrary
005 20260227160154.0
008 260227s2008##################000#0#eng##
020 _a9780737739367
082 0 4 _a324.62
_bLAN
100 1 _a(Jr.), Ronald D. Lankford,
_eauthor.
245 1 0 _aShould the Voting Age be Lowered? :
260 _bGreenhaven Publishing,
_c2008.
650 0 _aYoung Adult Nonfiction.
942 _cENGLISH
040 _aYourLibrary
_beng
_cYourLibrary
999 _c615957
_d615957